| 000 | 00519nam a2200169 i 4500 | ||
|---|---|---|---|
| 001 | 142462 | ||
| 003 | ES-MaACL | ||
| 005 | 20230906200528.0 | ||
| 007 | t| | ||
| 008 | 071005s1968 sp ||||1| spa d | ||
| 100 | 1 |
_aVillain, Mauricio. _9114929 |
|
| 245 | 1 | 0 |
_aVaticano II y diálogo ecuménico / _cMauricio Villain ; [versión española por Cornelio Arregui]. |
| 260 |
_aBilbao : _bMensajero, _c1968. |
||
| 300 |
_a259 p. ; _c22 cm. |
||
| 700 | 1 |
_aArregui, Cornelio. _923248 |
|
| 852 |
_aES-MaACL _jC-34585 _bR.65522 |
||
| 999 |
_c142462 _d142462 |
||